000 00566nam a22001697a 4500
008 250901b ||||| |||| 00| 0 spa d
020 _a978-950-15-2468-0
040 _aAR-FvUNAJ
_dAR-FvUNAJ
_eaacr2
082 1 4 _214
_a158.1
100 1 _921878
_aStamateas, Bernardo
245 1 0 _aQuiero un cambio :
_bprincipios para alcanzar tu máximo potencial /
_cBernardo Stamateas.
260 _aBuenos Aires :
_bJavier Vergara Editor,
_c2010.
300 _a203 p.
650 0 _99049
_aAUTOAYUDA
942 _2ddc
_cLIBRO
980 _62
_aVirginia Figueroa
_82
_gVirginia Figueroa
999 _c11072
_d11072